| 000 | 00000nam##2200000za#4500 |
| 001 | 9.681234 |
| 003 | CaOODSP |
| 005 | 20240209132638 |
| 007 | ta |
| 008 | 150407|2000||||xxc||||| f|0| 0 fre|d |
| 020 | |a0-662-84976-0 |
| 040 | |aCaOODSP|bfre |
| 043 | |an-cn--- |
| 086 | 1 |aC89-4/74-2000F |
| 110 | 2 |aAgence de promotion économique du Canada atlantique. |
| 245 | 10|aGroupes de discussion sur l'entrepreneurship chez les jeunes / |cpréparé par Omnifacts Research (no<_ 2000-0055). |
| 260 | |aMoncton - Nouveau-Brunswick : |bAgence de promotion économique du Canada atlantique |c2000. |
| 300 | |a18p. : |bill. ; |c28 cm. |
| 563 | |aCouverture souple |
| 590 | |a00-42|b2000-10-20 |
| 691 | 07|aEntrepreneuriat|2gcpds |
| 691 | 07|aJeune adulte|2gcpds |
| 775 | 08|tYouth entrepreneurship focus groups / |w(CaOODSP)9.647855 |
| 776 | 0#|tGroupes de discussion sur l'entrepreneurship chez les jeunes / |w(CaOODSP)9.639452 |